000 00659nam a2200217 i 4500
001 bg
100 1 _aSENCZYK, Dominik
245 1 0 _aFizyka ciała stałego :
_bwykłady /
_cDominik Senczyk ; Politechnika Poznańska.
260 _aPoznań :
_bWydaw. PP,
_c1993.
300 _a209 s. :
_brys., wykr. ;
_c24 cm.
504 _aIndeks.
521 _aDla studentów II roku kierunku Inżynieria Materiałowa.
650 9 _aCiało stałe
_xfizyka
655 _aPodręczniki akademickie
710 _aPOLITECHNIKA POZNAŃSKA (Poznań)
040 _cBPK
041 0 _apol
080 _a538.9(075.8)
942 _cKS
008 s pl f |000 0 pol
999 _c6373
_d6373
856 _uhttp://koha.tu.koszalin.pl/cgi-bin/koha/opac-detail.pl?biblionumber=6373
_yKatalog online BPK